A Textbook Of Engineering Mathematics (VOL I) / (Record no. 2269)

MARC details
000 -LEADER
Fixed length control field 00439nam a2200169 4500
003 - CONTROL NUMBER IDENTIFIER
Control field SEACOMEC
005 - DATE AND TIME OF LATEST TRANSACTION
Control field 20250507123344.0
008 - FIXED-LENGTH DATA ELEMENTS--GENERAL INFORMATION
Fixed length control field 250507b |||||||| |||| 00| 0 eng d
020 ## - INTERNATIONAL STANDARD BOOK NUMBER / ISBN
Price 240.00
040 ## - CATALOGING SOURCE
Original cataloging agency SEACOMEC
082 ## - DEWEY DECIMAL CLASSIFICATION NUMBER
Classification number 510.02462
Book Number K96
100 ## - MAIN ENTRY--PERSONAL NAME
Personal name Kundu, Pulak
245 ## - TITLE STATEMENT
Title A Textbook Of Engineering Mathematics (VOL I) /
Statement of responsibility Pulak Kundu
260 ## - IMPRINT
Place of publication Kolkata :
Name of publisher Chhaya Prakashani,
Date of publication 2010
300 ## - PHYSICAL DESCRIPTION
Page / Vol. No VOL I
942 ## - ADDED ENTRY ELEMENTS (KOHA)
Koha item type Books
Holdings
Withdrawn status Lost status Source of classification Damaged status Not for loan Home library Current library Date acquired Total Checkouts Call number Accession number Date last seen Price effective from Koha item type Copy number
    Dewey Decimal Classification     SEACOM ENGINEERING COLLEGE SEACOM ENGINEERING COLLEGE 08/10/2010   510.02462 K96 17252 07/05/2025 07/05/2025 Reference Books  
    Dewey Decimal Classification     SEACOM ENGINEERING COLLEGE SEACOM ENGINEERING COLLEGE 08/10/2010   510.02462 K96 17253 07/05/2025 07/05/2025 Books 1
    Dewey Decimal Classification     SEACOM ENGINEERING COLLEGE SEACOM ENGINEERING COLLEGE 08/10/2010   510.02462 K96 17254 07/05/2025 07/05/2025 Books 2
    Dewey Decimal Classification     SEACOM ENGINEERING COLLEGE SEACOM ENGINEERING COLLEGE 08/10/2010   510.02462 K96 17255 07/05/2025 07/05/2025 Books 3
    Dewey Decimal Classification     SEACOM ENGINEERING COLLEGE SEACOM ENGINEERING COLLEGE 08/10/2010   510.02462 K96 17256 07/05/2025 07/05/2025 Books 4
    Dewey Decimal Classification     SEACOM ENGINEERING COLLEGE SEACOM ENGINEERING COLLEGE 08/10/2010   510.02462 K96 17257 07/05/2025 07/05/2025 Books 5
    Dewey Decimal Classification     SEACOM ENGINEERING COLLEGE SEACOM ENGINEERING COLLEGE 08/10/2010   510.02462 K96 17258 07/05/2025 07/05/2025 Books 6
    Dewey Decimal Classification     SEACOM ENGINEERING COLLEGE SEACOM ENGINEERING COLLEGE 08/10/2010   510.02462 K96 17259 07/05/2025 07/05/2025 Books 7
    Dewey Decimal Classification     SEACOM ENGINEERING COLLEGE SEACOM ENGINEERING COLLEGE 08/10/2010   510.02462 K96 17260 07/05/2025 07/05/2025 Books 8
    Dewey Decimal Classification     SEACOM ENGINEERING COLLEGE SEACOM ENGINEERING COLLEGE 08/10/2010   510.02462 K96 17261 07/05/2025 07/05/2025 Books 9
    Dewey Decimal Classification     SEACOM ENGINEERING COLLEGE SEACOM ENGINEERING COLLEGE 08/10/2010   510.02462 K96 17262 07/05/2025 07/05/2025 Books 10
    Dewey Decimal Classification     SEACOM ENGINEERING COLLEGE SEACOM ENGINEERING COLLEGE 08/10/2010   510.02462 K96 17263 07/05/2025 07/05/2025 Books 11
    Dewey Decimal Classification     SEACOM ENGINEERING COLLEGE SEACOM ENGINEERING COLLEGE 08/10/2010   510.02462 K96 17264 07/05/2025 07/05/2025 Books 12
    Dewey Decimal Classification     SEACOM ENGINEERING COLLEGE SEACOM ENGINEERING COLLEGE 08/10/2010   510.02462 K96 17265 07/05/2025 07/05/2025 Books 13
    Dewey Decimal Classification     SEACOM ENGINEERING COLLEGE SEACOM ENGINEERING COLLEGE 08/10/2010   510.02462 K96 17266 07/05/2025 07/05/2025 Books 14
© Seacom Engineering College, All rights reserved.      Powered by Koha